00373cam a2200145ua 4500020001000000041001000010082001600020100002100036245007100057250001200128260006000140300001200200365001000212504000500222 c35.00 aengh a636bBAN/AN aBanerjee, G C . aText book of animal husbandry / cG C Banerjee.hTextual Documents a4 / b. aNew Delhi : bOxford & IBH Publishing company , c1978. a752 ; . a35.00 a